000 00478nam a22001577a 4500
005 20180215120424.0
008 180215b xxu||||| |||| 00| 0 eng d
020 _a0195798961
040 _cPK-LaUMT
082 _aPKAC 291.177
_bSEM-T
100 _aSemuel P Huntington
245 _aTehzeebon ka tasadum aur alami nizam ki tashkil e nau(urdu)/
_cSemuel P Huntington
260 _aکراچی:
_bاوکسفرڈ یونیورسٹی پریس
_c1997
300 _a475
942 _cBK
999 _c103257
_d103257